000 00640nam a2200193Ia 4500
003 IN-BaIIA
008 211028s9999 xx 000 0 eng d
040 _cIIA Library
080 _a047.1:539.18
_bADV-3
245 0 _aAdvances in atomic and molecular physics
_bvol. 3
_cedited by D. R. Bates and Immaneul Estermann
260 _aNew York
_bAcademic Press
_c1967
300 _axi, 368p.
650 _aAtomic physics
_91547
650 _aMolecular physics
_91914
650 _aNASA Thesaurus
700 _aBates, D. R., ed.
_93365
700 _aEstermann, Immaneul, ed.
_95189
942 _cBK
999 _c3131
_d3131